Giáo trình lịch sử Việt Nam Tập VII

Nội dung bao quát thời kì lịch sử từ sau thắng lợi kháng chiến chống Pháp (21-7-1954) đến thắng lợi kháng chiến chống Mĩ, cứu nước (30-4-1975), gồm 5 chương, trình bày thời kì nước ta tiến hành đồng thời hai chiến lược cách mạng xã họ...

詳細記述

保存先:
書誌詳細
第一著者: Trần, Bá Đệ
その他の著者: Lê, Cung
フォーマット: 図書
言語:Undetermined
出版事項: H. Đại học sư phạm 2012
主題:
オンライン・アクセス:http://lrc.tdmu.edu.vn/opac/search/detail.asp?aID=2&ID=19556
タグ: タグ追加
タグなし, このレコードへの初めてのタグを付けませんか!
Thư viện lưu trữ: Trung tâm Học liệu Trường Đại học Thủ Dầu Một
LEADER 01362nam a2200241Ia 4500
001 TDMU_19556
008 210410s9999 xx 000 0 und d
082 |a 959.704 
090 |b TR121 
100 |a Trần, Bá Đệ 
245 0 |a Giáo trình lịch sử Việt Nam 
245 0 |c Trần Bá Đệ (Chủ biên), Lê Cung 
245 0 |n Tập VII 
245 0 |p Từ 1945 đến1975 
260 |a H. 
260 |b Đại học sư phạm 
260 |c 2012 
300 |a 337tr. 
520 |a Nội dung bao quát thời kì lịch sử từ sau thắng lợi kháng chiến chống Pháp (21-7-1954) đến thắng lợi kháng chiến chống Mĩ, cứu nước (30-4-1975), gồm 5 chương, trình bày thời kì nước ta tiến hành đồng thời hai chiến lược cách mạng xã hội chủ nghĩa ở miền Bắc và cách mạng dân tộc, dân chủ nhân dân ở miền Nam.; LS038; LS040  |d Tiến trình Lịch sử Việt Nam 3; LS  |d Lịch sử Việt Nam hiện đại 
650 |a Lịch sử Việt Nam  |y 1945 - 1975  |v Giáo trình 
700 |a Lê, Cung 
856 |u http://lrc.tdmu.edu.vn/opac/search/detail.asp?aID=2&ID=19556 
980 |a Trung tâm Học liệu Trường Đại học Thủ Dầu Một